000 00777pam a22002654a 4500
008
020 _a9789702030666 (pbk.)
049 _aMAIN
090 _aRG527
_bHAN
100 _aHanretty, Kevin P.
245 0 0 _aObstetrics illustrated /
_bKevin P. Hanretty, illustrated by Ian Ramsden and Robin Callander.
250 _a7th ed.
260 _aEdinburgh :
_bChurchill Livingstone,
_c2010.
300 _a437 p. :
_bill. ;
_c25 cm.
500 _aIncludes Index.
650 0 _aObstetrics.
650 2 2 _aPregnancy Complications.
700 1 _aRamsdenp, Ian.
700 1 _aCallander, Robin-
907 _a.b10315950
_b19-07-12
_c17-07-12
003
005 20230120204111.0
040 _cNUST
942 _cBOOKS
_kRG527
_mHAN
999 _c117126
_d117126